000 00709nam a2200217 i 4500
001 17430
003 ES-MaACL
005 20240517125321.0
007 t|
008 010305s1998 sp ||||1| spa d
020 _a84-226-7229-4
080 _a821.131.1-14"19"
100 1 _aUngaretti, Giuseppe.
_9112006
245 1 0 _aSentimiento del tiempo ; La tierra prometida /
_cGiuseppe Ungaretti ; traducción y prólogo de Tomás Segovia.
260 _aBarcelona :
_bGalaxia Gutenberg :
_bCírculo de Lectores,
_c[1998]
300 _a315 p. ;
_c21 cm.
700 1 _aSegovia, Tomás,
_d1927-2011
_9105153
740 3 _aLa tierra prometida.
852 _aES-MaACL
_jL-24377
_bR.129531
999 _c17430
_d17430